| 000 | 00708cam a2200169ua 4500 | ||
|---|---|---|---|
| 020 | _c10.00 | ||
| 041 |
_aeng _h |
||
| 082 |
_a631.316 _bIND/TE |
||
| 110 | 1 |
_aIndian Standards Institution . _b _c() |
|
| 245 |
_aTest code for agricultural discs, IS9217-1979 / _cIndian Standards Institution. _hTextual Documents |
||
| 260 |
_aNew Delhi : _bIndian Standards Institution , _c1980. |
||
| 300 | _a22 ; . | ||
| 365 | _a10.00 | ||
| 504 | _a | ||
| 942 | _cBK | ||
| 999 |
_c7961 _d7961 |
||